Monetary economics

Bibliographic Details
Main Author: Goacher, David J. (Author)
Format: Book
Published: London Financial Training Publications 1984
Subjects:

MARC

LEADER 00000cam a2200000 7i4500
001 0000000104
008 021118n
020 |a 0906322553 
090 0 0 |a HG936  |b .G62 
100 0 |a Goacher, David J.  |e author 
245 0 0 |a Monetary economics   |c David J. Goacher 
260 2 |a London   |b Financial Training Publications  |c 1984 
300 |a 285 p. ;  |c 23 cm. 
650 0 |a Monetary policy  |z Great Britain 
650 0 |a Money 
999 |a 1000016245  |b Book  |c OPEN SHELF (30 DAYS)  |e Gong Badak Campus